Statistics for 都道府県別最も人口の多い町村

Click here to take the quiz!

General Stats

  • This quiz has been taken 30 times
  • The average score is 23 of 47

Answer Stats

都道府県町村人口% Correct
神奈川県寒川町49063
81%
東京都瑞穂町32161
76%
福井県越前町20394
71%
大阪府島本町31646
67%
岩手県紫波町33049
67%
広島県府中町52891
67%
富山県立山町24920
67%
青森県おいらせ町25284
62%
石川県津幡町37508
62%
山梨県富士河口湖町26765
62%
静岡県長泉町43553
62%
兵庫県播磨町34811
62%
埼玉県伊奈町45221
57%
栃木県壬生町38600
57%
愛知県東浦町50283
57%
北海道音更町43268
57%
鳥取県湯梨浜町16515
52%
徳島県藍住町35579
52%
長崎県長与町40395
52%
沖縄県読谷村42041
52%
山形県高畠町22094
48%
新潟県聖籠町14129
48%
千葉県横芝光町22697
48%
滋賀県愛荘町21332
48%
宮城県柴田町36972
48%
福岡県粕屋町48933
48%
愛媛県松前町30364
48%
秋田県美郷町18189
43%
大分県日出町28115
43%
熊本県菊陽町43714
43%
高知県いの町21504
43%
三重県菰野町41283
43%
群馬県玉村町35980
43%
福島県西郷村20317
43%
茨城県茨城町31098
38%
宮崎県三股町25992
38%
長野県箕輪町24662
33%
山口県田布施町14550
33%
島根県隠岐の島町13551
33%
香川県三木町27310
33%
和歌山県有田川町25641
33%
奈良県広陵町35284
33%
京都府与謝野町20199
33%
岡山県矢掛町13438
29%
佐賀県みやき町25752
29%
鹿児島県さつま町19534
29%
岐阜県養老町26858
24%

Score Distribution

Percentile by Number Answered

Percent of People with Each Score

Your Score History

You have not taken this quiz